Datum a čas kvízu
27.5
Celkem bodů
Celkový počet nahraných bodů na tomto kvízu bez doplňovacích otázek.
9.
Pořadí na kvízu
Konečné umístění týmu na tomto kvízu.
Zaznamenané odpovědi
| # | Otázka | Odpověď | Body | Výsledky |
|---|---|---|---|---|
| 1. | Česká advokátní komora uložila... | 1 | ||
| 2. | Její královská Výsost vévodkyn... | 1 | ||
| 3. | Ve zlínském obchodním a zábavn... | 0 | ||
| 4. | Po deseti letech končí udílení... | 1 | ||
| 5. | Velkou jarní cenu ovládl v ned... | 0 | ||
| 6. | Dědictví aneb Kurvahošigutntag... | 1 | ||
| 7. | V Brně na ulici Česká se natáč... | 1 | ||
| 8. | Kterou značku cigaret má Bohuš... | 1 | ||
| 9. | Kterou polévku si objednal prá... | 0 | ||
| 10. | Pták, kterého Bohuš koupil Ire... | 1 |